| 000 | 00621nam a2200169 i 4500 | ||
|---|---|---|---|
| 001 | 160725 | ||
| 003 | ES-MaACL | ||
| 005 | 20230906212121.0 | ||
| 008 | 981007s1882 sp |||| | spa d | ||
| 040 |
_aCAM _bspa _cCAM |
||
| 100 | 1 |
_aNogales-Delicado y Rendón, Dionisio de. _9130508 |
|
| 245 | 1 | 0 |
_aHistoria de la muy noble y leal ciudad de Ciudad-Rodrigo / _cpor Dionisio de Nogales-Delicado y Rendón. |
| 260 |
_aCiudad-Rodrigo : _b[s.n.], _c1882 ( _fEst. Tip. de Ángel Cuadrado y Rosado) |
||
| 300 |
_a248 p. ; _c28 cm. |
||
| 651 | 4 |
_aCiudad Rodrigo- _xHistoria. _9163135 |
|
| 852 |
_aES-MaACL _jG-9732 _z- Enc. hol. |
||
| 999 |
_c160725 _d160725 |
||